| 000 | 00660cam a2200205 4500 | ||
|---|---|---|---|
| 008 | 000000n2000 000 0 eng u | ||
| 020 | _a1860813968 | ||
| 035 | _a(Sirsi) u107982 | ||
| 041 | _aENG | ||
| 050 | _a690 | ||
| 110 | _aBuilding Research Establishment | ||
| 245 | _aCleaning external walls of buildings: removing dirt and stains | ||
| 260 |
_aLondon _bCRC Ltd _c2000 |
||
| 300 | _a6p. ; 30cm. | ||
| 490 |
_aBRE Good Repair Guide _v27 Part 2 |
||
| 650 | _aCLEANING | ||
| 650 | _aBUILT ENVIRONMENT-BUILDING ELEMENTS-COMPLETE BUILDING ELEMENTS-WALLS-EXTERNAL WALLS | ||
| 690 | _aBUILDING AND CONSTRUCTION-REPAIRS AND MAINTENANCE | ||
| 942 | _n0 | ||
| 999 |
_c100745 _d100745 |
||